| 000 | 00859nam a2200229 i 4500 | ||
|---|---|---|---|
| 001 | 84863 | ||
| 003 | ES-MaACL | ||
| 005 | 20251005063057.0 | ||
| 007 | t| | ||
| 008 | 041124s1922 fr a |||| | fre d | ||
| 100 | 1 |
_aJéquier, Gustave, _d1868-1946 _966325 |
|
| 245 | 1 | 4 |
_aLes temples ramessides et saïtes de la XIX et la XXXe dynastie / _cpar Gustave Jéquier. |
| 260 |
_aParis : _bAlbert Morance, _c1922. |
||
| 300 |
_a11 p., lám. 1-80 : _bil. ; _c52 cm. |
||
| 490 | 1 | _aL'architecture et la decoration dans l'ancienne Egypte | |
| 530 | _aDisponible en formato digital. | ||
| 650 | 4 |
_aArquitectura egipcia. _9156832 |
|
| 830 | 0 |
_aL'architecture et la decoration dans l'ancienne Egypte _9183844 |
|
| 852 |
_aES-MaACL _jB-6751 |
||
| 856 |
_uhttps://archive.org/details/JquierTemplesRamessides1922 _zInternet Archive |
||
| 999 |
_c84863 _d84863 |
||